000 00735nam a22002657a 4500
001 37389
003 BD-RjUL37492
005 20211209052614.0
008 711216t19711972nyua b 001 0 eng
020 _a0070081298
035 _a(BD-RjUL)37492
040 _aDLC
_cDLC
_dDLC
_beng
041 _aeng
082 0 0 _a621.381
_bBRB 1971
100 1 _aBrophy, James John,
_d1926-
_9114647
245 1 0 _aBasic electronics for scientists
_c[by] James J. Brophy.
250 _a3rd ed.
260 _aNew York,
_bMcGraw-Hill
_c[1971, c1972]
300 _axiv, 511 p.
_billus.
_c23 cm.
504 _aIncludes bibliographies.
650 0 _aElectronics.
_9114648
942 _2ddc
_cBK
999 _c37389
_d37389